书目信息 |
| 题名: |
吉他入门基础教程
|
|
| 作者: | 邵春良 编著 | |
| 分册: | ||
| 出版信息: | 成都 四川人民出版社 1999.09 |
|
| 页数: | 234页 | |
| 开本: | 26cm | |
| 丛书名: | 跨世纪乐器自学丛书 | |
| 单 册: | ||
| 中图分类: | J623.26 | |
| 科图分类: | ||
| 主题词: | 器乐--qi yue--奏法 | |
| 电子资源: | ||
| ISBN: | 7-220-04588-3 | |
| 000 | 00840nam 2200253 450 | |
| 001 | 012008760422 | |
| 005 | 20080314095652.54 | |
| 010 | @a7-220-04588-3@dCNY22.00 | |
| 100 | @a20080314d1999 km y0chiy0120 ea | |
| 101 | 0 | @achi |
| 102 | @aCN@b510000 | |
| 105 | @ag z 000yy | |
| 106 | @ar | |
| 200 | 1 | @a吉他入门基础教程@Aji ta ru men ji chu jiao cheng@f邵春良编著@Fshao chun liang bian zhu |
| 210 | @a成都@c四川人民出版社@d1999.09 | |
| 215 | @a234页@d26cm | |
| 225 | 2 | @a跨世纪乐器自学丛书@Akua shi ji yue qi zi xue cong shu |
| 330 | @a本书包括第一部分吉他入门必读;第二部分基础训练;第三部分技术训练;第四部分乐曲. | |
| 410 | 0 | @12001 @a跨世纪乐器自学丛书 |
| 606 | 0 | @a器乐@Aqi yue@x奏法 |
| 690 | @aJ623.26@v4 | |
| 701 | 0 | @a邵春良@Ashao chun liang@4编著 |
| 801 | 0 | @aCN@bQSSK@c20080314 |
| 905 | @b20282537-39@dJ623.26@eS326@f3 | |
| 吉他入门基础教程/邵春良编著.-成都:四川人民出版社,1999.09 |
| 234页;26cm.-(跨世纪乐器自学丛书) |
| ISBN 7-220-04588-3:CNY22.00 |
| 本书包括第一部分吉他入门必读;第二部分基础训练;第三部分技术训练;第四部分乐曲. |
| ● |
| 相关链接 |
|
|
|
正题名:吉他入门基础教程
索取号:J623.26/S326
 
预约/预借
| 序号 | 登录号 | 条形码 | 馆藏地/架位号 | 状态 | 备注 |
| 1 | 282537 | 202825372 | 社科库309/309社科库 92排4列5层/ [索取号:J623.26/S326] | 在馆 | |
| 2 | 282538 | 202825381 | 社科库309/309社科库 92排4列5层/ [索取号:J623.26/S326] | 在馆 | |
| 3 | 282539 | 202825390 | 社科库309/ [索取号:J623.26/S326] | 在馆 |